000 00517nam a2200169 4500
008 151026b xxu||||| |||| 00| 0 eng d
020 _a978996646929X
020 _a996646929X
020 _a9789966469298
050 _aAFR PL 8704.M7853 1984
100 _aMtobwa, Ben R.
_d1984.
245 _aSalamu kutoka kuzimu/
_cBen R. Mtobwa,
260 _aNairobi;
_bMkuki Books,
_c1984.
300 _a123 p.
650 _aSwahili Literature.
942 _2lcc
_cSH_L_BOOKS
_hAFR PL 8704.M7853 1984
_012
999 _c9374
_d9374